Sports Quiz

Random Sports or Football Quiz
Score 0/32 Timer 03:00
5 Plays Today
% Correct
SRE
85.5%
SREEN
83.7%
SYO
82.7%
ST
80.1%
SREL
77.7%
SRAU
75.2%
SKWA
73.9%
SEL
73.7%
SGNI
73.5%
SREK
72.7%
SRED
71.4%
SLAN
70.9%
SNA
70%
SN
68.7%
SNIH
68.6%
SNOC
68%
% Correct
STOI
67.4%
STNA
66.9%
SOC
66.8%
SREH
66.2%
SLL
66%
SNAT
65.6%
STN
64.5%
SNE
64%
SLAG
63.5%
SREG
62.1%
SNIK
62%
SRA
59.7%
SM
58.7%
STL
56.9%
SNW
56.8%
SFE
47.3%

You're not logged in!

Compare scores with friends on all Sporcle quizzes.
OR
Log In

Sporcle TV

Today on Sporcle TV


Watch our educational content, quiz creation guides, and fun videos on Sporcle TV.

Show Comments

Extras

Top Quizzes Today


Score Distribution

Your Account Isn't Verified!

In order to create a playlist on Sporcle, you need to verify the email address you used during registration. Go to your Sporcle Settings to finish the process.

Report this User

Report this user for behavior that violates our Community Guidelines.

Details: